<?xml version="1.0" encoding="UTF-8"?><?xml-stylesheet type="text/xsl" href="static/style.xsl"?><OAI-PMH xmlns="http://www.openarchives.org/OAI/2.0/" xmlns:xsi="http://www.w3.org/2001/XMLSchema-instance" xsi:schemaLocation="http://www.openarchives.org/OAI/2.0/ http://www.openarchives.org/OAI/2.0/OAI-PMH.xsd"><responseDate>2026-06-03T23:46:14Z</responseDate><request verb="GetRecord" identifier="oai:riubu.ubu.es:10259/11786" metadataPrefix="marc">https://riubu.ubu.es/oai/request</request><GetRecord><record><header><identifier>oai:riubu.ubu.es:10259/11786</identifier><datestamp>2026-06-03T00:05:28Z</datestamp><setSpec>com_10259_4839</setSpec><setSpec>com_10259_5086</setSpec><setSpec>com_10259_2604</setSpec><setSpec>col_10259_4840</setSpec></header><metadata><record xmlns="http://www.loc.gov/MARC21/slim" xmlns:doc="http://www.lyncode.com/xoai" xmlns:xsi="http://www.w3.org/2001/XMLSchema-instance" xmlns:dcterms="http://purl.org/dc/terms/" xsi:schemaLocation="http://www.loc.gov/MARC21/slim http://www.loc.gov/standards/marcxml/schema/MARC21slim.xsd">
<leader>00925njm 22002777a 4500</leader>
<datafield tag="042" ind1=" " ind2=" ">
<subfield code="a">dc</subfield>
</datafield>
<datafield tag="720" ind1=" " ind2=" ">
<subfield code="a">Puente Torre, Paula</subfield>
<subfield code="e">author</subfield>
</datafield>
<datafield tag="720" ind1=" " ind2=" ">
<subfield code="a">Delgado Benito, Vanesa</subfield>
<subfield code="e">author</subfield>
</datafield>
<datafield tag="720" ind1=" " ind2=" ">
<subfield code="a">Rodríguez Cano, Sonia</subfield>
<subfield code="e">author</subfield>
</datafield>
<datafield tag="720" ind1=" " ind2=" ">
<subfield code="a">García Delgado, Miguel Ángel</subfield>
<subfield code="e">author</subfield>
</datafield>
<datafield tag="260" ind1=" " ind2=" ">
<subfield code="c">2024-10</subfield>
</datafield>
<datafield tag="520" ind1=" " ind2=" ">
<subfield code="a">Over the last few years, the importance of Mindfulness in the field of research has grown&#xd;
exponentially, as it has demonstrated various benefits in improving mental health, although there are&#xd;
still various difficulties in putting these techniques into practice among the university population.&#xd;
However, Virtual Reality is emerging as a tool to improve the implementation of these techniques.&#xd;
For this reason, a systematic review was carried out of the different studies that aim to analyze the&#xd;
impact of the use of Virtual Reality for the implementation of Mindfulness techniques that contribute&#xd;
to the improvement of mental health among the university population at national and international&#xd;
levels. For this review, different international reference databases were searched, such as Web of&#xd;
Science and Scopus, and all selected articles had to be published in the period between 2010 and&#xd;
2024. The selected publications had to be primary research involving a Mindfulness intervention,&#xd;
carried out among university students, and whose main tool for its implementation was Virtual&#xd;
Reality. A total of seventy-eight studies were initially identified, from which fourteen were selected,&#xd;
as the rest did not meet the inclusion criteria. In sum, the results show that the use of Virtual Reality&#xd;
as a tool for the implementation of Mindfulness techniques is certainly effective in reducing and&#xd;
mitigating high levels of anxiety, depression, and stress among university students. All of the research&#xd;
analyzed shows a substantial improvement in the quality of life, mental health, and life satisfaction&#xd;
of the participants</subfield>
</datafield>
<datafield tag="024" ind2=" " ind1="8">
<subfield code="a">https://hdl.handle.net/10259/11786</subfield>
</datafield>
<datafield tag="024" ind2=" " ind1="8">
<subfield code="a">10.3390/mti8100089</subfield>
</datafield>
<datafield tag="024" ind2=" " ind1="8">
<subfield code="a">2414-4088</subfield>
</datafield>
<datafield ind1=" " ind2=" " tag="653">
<subfield code="a">Virtual reality</subfield>
</datafield>
<datafield ind1=" " ind2=" " tag="653">
<subfield code="a">Mindfulness</subfield>
</datafield>
<datafield ind1=" " ind2=" " tag="653">
<subfield code="a">University students</subfield>
</datafield>
<datafield ind1=" " ind2=" " tag="653">
<subfield code="a">Higher education</subfield>
</datafield>
<datafield tag="245" ind1="0" ind2="0">
<subfield code="a">Virtual Reality as an Interactive Tool for the Implementation of Mindfulness in University Settings: A Systematic Review</subfield>
</datafield>
</record></metadata></record></GetRecord></OAI-PMH>